00685nam a2200241Ia 450000100060000000300090000600800410001504000130005604000130006904100130008210000170009510000290011224500380014124500340017925000110021326000120022426000120023626000490024830000570029750000310035465000270038565000310041224923IT-RoPAU130308s9999 xx 000 0 und d aIT-RoPAU cIT-RoPAU aITALIANO aPieri Marzio gCodice Aut. SPICS: 2595 aSogno d'un teatro di mezz'autunno bMalipiero Scrittura e Critica a1a ed. aFIRENZE bOlschki c1984 [1° Ed.:1984 - Ed.Ling.Originale:1982] a"29 p. (prefazione: no ; testo: 29 [pagine: 43-71])" aGusto e Stile in Malipiero aAUTORI/OPERE DI MUSICA eCodice materia Spics: 7007